Central Library OPAC University of Rajshahi

An abridgment of Bishop Burnet's history of his own times / (Record no. 24274)

MARC details
000 -LEADER
fixed length control field 00839nam a2200253u 4500
001 - CONTROL NUMBER
control field 24274
003 - CONTROL NUMBER IDENTIFIER
rucl marc code BD-RjUL
005 - DATE AND TIME OF LATEST TRANSACTION
control field 20211209001029.0
008 - FIXED-LENGTH DATA ELEMENTS--GENERAL INFORMATION
fixed length control field 140313r19101906enk 000 0 eng
035 ## - SYSTEM CONTROL NUMBER
System control number (BD-RjUL)24340
040 ## - CATALOGING SOURCE
Original cataloging agency DLC
Transcribing agency CarP
Modifying agency DLC
-- BD-RjUL
Language of cataloging eng
041 ## - LANGUAGE CODE
Language code of text/sound track or separate title eng
082 00 - DEWEY DECIMAL CLASSIFICATION NUMBER
Classification number 942.66
Author mark and year BUA 1910
100 1# - MAIN ENTRY--PERSONAL NAME
Personal name Burnet, Gilbert,
Dates associated with a name 1643-1715.
9 (RLIN) 74767
245 13 - TITLE STATEMENT
Title An abridgment of Bishop Burnet's history of his own times /
Statement of responsibility, etc. Gilbert Burnet.
260 ## - PUBLICATION, DISTRIBUTION, ETC. (IMPRINT)
Place of publication, distribution, etc. Lonodn :
Name of publisher, distributor, etc. J. M. Dent & co.;
Date of publication, distribution, etc. 1906 [Reprinted 1910].
300 ## - PHYSICAL DESCRIPTION
Pagination viii, 409 p. ;
Size 17 cm.
651 #0 - SUBJECT ADDED ENTRY--GEOGRAPHIC NAME
Geographic name Great Britain
General subdivision History
Chronological subdivision 1689-1714.
9 (RLIN) 846
Geographic name Great Britain
General subdivision History
Chronological subdivision Restoration, 1660-1688.
9 (RLIN) 74768
700 1# - ADDED ENTRY--PERSONAL NAME
Personal name Stackhouse, Thomas,
Dates associated with a name approximately 1680-1752.
942 ## - ADDED ENTRY ELEMENTS (KOHA)
Source of classification or shelving scheme Dewey Decimal Classification
Koha item type Books
Holdings
Lost status Source of classification or shelving scheme Damaged status Not for loan Collection code Permanent Location Current Location Shelving location Date acquired Source of acquisition Cost, normal purchase price Total Checkouts Full call number Date last seen Copy number Koha item type
  Dewey Decimal Classification   Added to bundle Non-fiction Central Library, University of Rajshahi Central Library, University of Rajshahi Reading Room 14/09/1955 B. H. Black Well 4.60   942.66 BUA 1910 13/03/2014 C-1 Books